| 000 | 00329nam a22001337a 4500 | ||
|---|---|---|---|
| 003 | SGT | ||
| 082 |
_a615 _bA01M |
||
| 100 | _aMINISTRY OF HEALTH & FAMILY WELFARE | ||
| 245 | _aTHE AYURVEDIC PHARMACOPIA OF INDIA-1 | ||
| 260 |
_aVARANASI _bCHAUKHAMBHA PUB _c2001 |
||
| 300 | _a260 | ||
| 650 | _aAYURVEDA PHARMACOPIA | ||
| 942 |
_2ddc _cBK |
||
| 999 |
_c8621 _d8621 |
||